000 00686cam a22002413a 4500
001 18417
003 PGUSA
005 20140828083407.0
008 060518s2006||||xxu|||||s|||||000 | eng d
040 _aPGUSA
_beng
042 _adc
050 4 _aPZ
100 1 _aFoote, Samuel,
_d1720-1777
245 1 4 _aThe Great Panjandrum Himself
_h[electronic resource] /
_cSamuel Foote
260 _bProject Gutenberg,
_c2006
506 _aPublic domain in the USA.
516 _aElectronic text
653 _aPicture books for children
700 1 _aCaldecott, Randolph,
_d1846-1886
830 0 _aProject Gutenberg
_v18417
856 4 0 _uhttp://www.gutenberg.org/ebooks/18417
942 _cEB
999 _c247672
_d247672